Komunikácia na schôdzach a obchodných stretnutiach

Základné techniky "schôdzovania".

Saved in:
Bibliographic Details
Main Author: Konvit, Milan
Format: Book Chapter
Language:Slovak
Subjects:
Tags: Add Tag
No Tags, Be the first to tag this record!

MARC

LEADER 00000naa$a2200000$$$4500
001 0107271
005 20231120111809.6
041 0 |a slo 
044 |a SK 
245 1 0 |a Komunikácia na schôdzach a obchodných stretnutiach  |c Milan Konvit 
520 |a Základné techniky "schôdzovania". 
610 2 0 |a rokovania obchodné 
610 2 0 |a schôdze 
610 2 0 |a komunikácia 
100 1 |a Konvit, Milan